[Event "AUTO-OPEN-1137"]
[Site "http://www.queenalice.com/game.php?id=405525"]
[Date "2008.5.20"]
[Round "1"]
[White "Fischercat"]
[Black "raposaazul"]
[Result "0-1"]
[WhiteElo "1808"]
[BlackElo "1500"]

1. Nf3 d5 2. d4 Bf5 3. Nc3 e6 4. Bf4 Bd6 5. Be5 Nf6 6. e3 Nc6 7. Bb5 O-O 8. Bxc6
bxc6 9. O-O Bg6 10. Na4 Bh5 11. Nc5 Ne4 12. h3 Bxe5 13. dxe5 Nxc5 14. g4 Bg6 15.
b4 Ne4 16. Qd2 Nxd2 0-1

[Event "AUTO-OPEN-1137"]
[Site "http://www.queenalice.com/game.php?id=405526"]
[Date "2008.5.20"]
[Round "1"]
[White "raposaazul"]
[Black "vininb"]
[Result "1-0"]
[WhiteElo "1973"]
[BlackElo "1919"]

1. e4 e5 2. f4 exf4 3. Nf3 g5 4. h4 g4 5. Ne5 Nf6 6. Bc4 d5 7. exd5 Bd6 8. d4
O-O 9. Bxf4 Nh5 10. g3 f6 11. Nxg4 Re8+ 12. Kd2 Nxf4 13. gxf4 f5 14. Ne5 Nd7 15.
Rg1+ Kf8 16. Qh5 Nxe5 17. Qh6+ Ke7 18. Qg5+ Kd7 19. Qxf5+ 1-0

[Event "AUTO-OPEN-1137"]
[Site "http://www.queenalice.com/game.php?id=405527"]
[Date "2008.5.20"]
[Round "1"]
[White "vininb"]
[Black "raposaazul"]
[Result "0-1"]
[WhiteElo "1919"]
[BlackElo "2059"]

1. e4 c6 2. d4 d5 3. Nc3 dxe4 4. Nxe4 Nf6 5. Nxf6+ exf6 6. Bf4 Qb6 7. Qe2+ Be6
8. O-O-O Na6 9. d5 Nb4 10. dxe6 Nxa2+ 11. Kd2 O-O-O+ 12. Ke1 Bb4+ 13. c3 Nxc3
14. bxc3 Bxc3+ 15. Bd2 Rxd2 16. Rxd2 Qb1+ 17. Qd1 Bxd2+ 18. Ke2 Qe4+ 0-1

[Event "AUTO-OPEN-1137"]
[Site "http://www.queenalice.com/game.php?id=457613"]
[Date "2008.9.3"]
[Round "2"]
[White "raposaazul"]
[Black "mett"]
[Result "1-0"]
[WhiteElo "2111"]
[BlackElo "2101"]

1. e4 c5 2. Nf3 d6 3. d4 b6 4. dxc5 bxc5 5. Qd5 Qb6 6. Qxa8 e6 7. b4 Bd7 8. bxc5
dxc5 9. Ne5 Nf6 10. Bf4 Be7 11. Nc4 1-0

[Event "AUTO-OPEN-1137"]
[Site "http://www.queenalice.com/game.php?id=457614"]
[Date "2008.9.3"]
[Round "2"]
[White "mett"]
[Black "raposaazul"]
[Result "0-1"]
[WhiteElo "1998"]
[BlackElo "2174"]

1. e4 Nf6 2. e5 Nd5 3. d4 d6 4. Nf3 g6 5. Be2 Bg7 6. O-O dxe5 7. dxe5 O-O 8. c4
Nb4 9. Qb3 c5 10. Be3 Bf5 11. Nc3 Nd7 12. Bxc5 Nc2 13. Rad1 Nxc5 14. Rxd8 Rfxd8
15. Qb5 b6 16. Nd5 Bd7 17. Nxe7+ Kf8 18. Nc6 Rdc8 19. Nxa7 Rxa7 20. Qxb6 Ra6 21.
Qxa6 Nxa6 22. a3 Bf5 23. Rd1 Nc5 24. h3 Ne6 25. g4 Be4 26. Nd2 Bc6 27. Bd3 Ncd4
28. Re1 Bh6 0-1

[Event "AUTO-OPEN-1137"]
[Site "http://www.queenalice.com/game.php?id=457615"]
[Date "2008.9.3"]
[Round "2"]
[White "raposaazul"]
[Black "Gerd"]
[Result "1-0"]
[WhiteElo "2160"]
[BlackElo "1889"]

1. e4 e5 2. f4 exf4 3. Nf3 d6 4. Bc4 h6 5. O-O a6 6. b3 Nf6 7. d4 d5 8. Bxd5
Nxd5 9. exd5 Qxd5 10. Bxf4 Bd6 11. c4 Qf5 12. Bxd6 cxd6 13. Nh4 Qg5 14. Qe1+ Kf8
15. Nc3 Nd7 16. Ne4 Qe7 17. Ng6+ Ke8 18. Nf6+ 1-0

[Event "AUTO-OPEN-1137"]
[Site "http://www.queenalice.com/game.php?id=457616"]
[Date "2008.9.3"]
[Round "2"]
[White "Gerd"]
[Black "raposaazul"]
[Result "0-1"]
[WhiteElo "1985"]
[BlackElo "2197"]

1. d4 g6 2. Nf3 d5 3. h3 Nf6 4. e3 Be6 5. c3 Bg7 6. Ng5 Bf5 7. Bd3 Bxd3 8. Qxd3
Nbd7 9. Nd2 e5 10. Qb5 e4 11. Qxb7 Rb8 12. Qxa7 h6 13. Nxf7 Kxf7 14. Qa6 Re8 15.
b4 Ra8 16. Qe2 Nb6 17. Nb3 Bf8 18. a3 Qd7 19. Nd2 Qa4 20. Bb2 Qc2 21. Nb1 Qb3
22. O-O Kg7 23. Bc1 Re6 24. Qa2 Qa4 25. Nd2 Rc6 26. Qb2 Be7 27. Qb3 Qxb3 28.
Nxb3 Rxc3 29. Nc5 Bxc5 30. bxc5 Nc4 31. a4 Kf7 32. Rd1 Rc2 33. g4 Nh7 34. Kg2
Ng5 35. a5 Rxa5 36. Rxa5 Nxa5 37. Ba3 Nc4 38. Bc1 Re2 39. Kg3 Nf3 40. Rf1 h5 41.
h4 Re1 42. Rxe1 Nxe1 43. gxh5 gxh5 44. Kf4 Kf6 45. c6 Nd3+ 46. Kg3 Nxc1 47. f4
Nxe3 48. Kf2 Nc2 49. Kf1 e3 0-1

[Event "AUTO-OPEN-1137"]
[Site "http://www.queenalice.com/game.php?id=457617"]
[Date "2008.9.3"]
[Round "2"]
[White "raposaazul"]
[Black "rfa615"]
[Result "1-0"]
[WhiteElo "2214"]
[BlackElo "1389"]

1. e4 c5 2. Nf3 e6 3. c3 d5 4. exd5 exd5 5. d4 Nc6 6. Bb5 Nf6 7. O-O Be7 8. dxc5
O-O 9. Be3 Bg4 10. h3 Bh5 11. Nbd2 Ne4 12. Nxe4 dxe4 13. Qxd8 Raxd8 14. Bxc6
exf3 15. Bxb7 fxg2 16. Kxg2 f6 17. Rfe1 1-0

[Event "AUTO-OPEN-1137"]
[Site "http://www.queenalice.com/game.php?id=457618"]
[Date "2008.9.3"]
[Round "2"]
[White "rfa615"]
[Black "raposaazul"]
[Result "0-1"]
[WhiteElo "1389"]
[BlackElo "2214"]

1. e4 e6 2. d4 d5 3. Nc3 Nf6 4. e5 Nfd7 5. f4 c5 6. Nf3 Nc6 7. Be3 cxd4 8. Nxd4
Bc5 9. Na4 Bxd4 10. Bxd4 Ndxe5 11. Bxe5 Nxe5 12. Bb5+ Bd7 13. Bxd7+ Nxd7 14. O-O
Rc8 15. Qd2 O-O 16. b3 b5 17. Nb2 Nf6 0-1

[Event "AUTO-OPEN-1137"]
[Site "http://www.queenalice.com/game.php?id=536720"]
[Date "2009.2.7"]
[Round "3"]
[White "raposaazul"]
[Black "Endy"]
[Result "1-0"]
[WhiteElo "2214"]
[BlackElo "1831"]

1. e4 e6 2. d4 d5 3. Nc3 a6 4. Nf3 Bb4 5. e5 h6 6. Be2 Ne7 7. O-O Nbc6 8. Na4
Nf5 9. c3 Ba5 10. Bd3 Bd7 11. Re1 O-O 12. Nc5 Bb6 13. Nxb7 Qc8 14. Nc5 Bxc5 15.
dxc5 Nce7 16. g4 Qd8 17. gxf5 exf5 18. Nd4 Nc6 19. Nxf5 Bxf5 20. Bxf5 Ne7 21.
Bc2 c6 22. Re3 Nf5 23. Bxf5 Qg5+ 24. Qg4 Qxg4+ 25. Bxg4 f5 26. exf6 Rxf6 27. Re6
Raf8 28. Rd6 Rxf2 29. Rxc6 Rf1+ 30. Kg2 R8f2+ 31. Kg3 Rf6 32. Rxf6 Rxf6 33. Bd7
Kf7 34. c6 Ke7 35. Bf4 g5 36. Re1+ Kf7 37. c7 gxf4+ 38. Kf3 Kg6 39. c8=Q 1-0

[Event "AUTO-OPEN-1137"]
[Site "http://www.queenalice.com/game.php?id=536721"]
[Date "2009.2.7"]
[Round "3"]
[White "Endy"]
[Black "raposaazul"]
[Result "0-1"]
[WhiteElo "1754"]
[BlackElo "2215"]

1. d4 Nf6 2. e3 d5 3. Bd3 c5 4. Bb5+ Nbd7 5. dxc5 a6 6. Bxd7+ Bxd7 7. b4 e6 8.
Nf3 a5 9. c3 axb4 10. cxb4 b6 11. Qd4 bxc5 12. bxc5 Qc7 13. O-O Bxc5 14. Qc3 Ke7
15. Ba3 Rhc8 16. Bxc5+ Qxc5 17. Qxc5+ Rxc5 18. Nbd2 Rca5 19. Nb3 Rxa2 20. Rxa2
Rxa2 21. Ne5 Be8 22. Rc1 Kd6 23. f4 Re2 24. Rc3 Ne4 25. Rc1 Rxe3 26. Na5 Rc3 27.
Rxc3 Nxc3 28. g3 f6 29. Nd3 Bb5 30. Nb7+ Kc6 31. Nbc5 e5 32. fxe5 fxe5 33. Kf2
e4 34. Nxe4 Nxe4+ 35. Ke3 Bxd3 36. Kxd3 Kc5 37. Ke3 Kc4 38. g4 d4+ 39. Kxe4 Kc3
40. h4 d3 41. g5 d2 0-1

[Event "AUTO-MASTER-852"]
[Site "http://www.queenalice.com/game.php?id=619182"]
[Date "2009.7.15"]
[Round "1"]
[White "Evandrobit"]
[Black "raposaazul"]
[Result "0-1"]
[WhiteElo "2295"]
[BlackElo "2240"]

1. d4 Nf6 2. c4 c5 3. d5 d6 4. Nc3 g6 5. g3 Bg7 6. Bg2 Qb6 7. Nf3 Qb4 8. Nd2 O-O
9. O-O Nbd7 10. h3 Qa5 11. Qc2 Ne8 12. e4 Nc7 13. a4 Na6 14. Nb3 Nb4 15. Qe2 Qc7
16. f4 a6 17. Na2 a5 18. Nxb4 axb4 19. Be3 b6 20. g4 Ra7 21. Bf2 Re8 22. Bg3 e6
23. Qd2 exd5 24. exd5 f5 25. gxf5 gxf5 26. Qc2 Nf6 27. Nd2 Nh5 28. Bh2 Bd4+ 29.
Kh1 Qg7 30. Rae1 Rae7 31. Rxe7 Rxe7 32. Nb3 Bxb2 33. Bf3 Qc3 34. Qxc3 bxc3 35.
Bxh5 Ba6 36. Rg1+ Kf8 37. Bf3 Re3 38. Kg2 c2 39. Nc1 Bxc4 40. Bg3 Ra3 41. Bf2
Rxa4 42. Be3 b5 43. Kf2 b4 44. Be2 Bxe2 45. Kxe2 c4 46. Kd2 b3 47. Ne2 Ra2 48.
h4 Ba3 49. Nc1 b2 50. Nxa2 b1=Q 51. Rxb1 cxb1=Q 52. Nc3 Qd3+ 53. Ke1 Qxe3+ 54.
Ne2 Bb4+ 55. Kf1 Qf3+ 0-1

[Event "AUTO-MASTER-852"]
[Site "http://www.queenalice.com/game.php?id=619183"]
[Date "2009.7.15"]
[Round "1"]
[White "raposaazul"]
[Black "Evandrobit"]
[Result "1-0"]
[WhiteElo "2212"]
[BlackElo "2295"]

1. e4 c5 2. Nf3 d6 3. Bb5+ Bd7 4. Qe2 Bxb5 5. Qxb5+ Qd7 6. a4 a6 7. Qxd7+ Nxd7
8. O-O g6 9. d3 Bg7 10. h3 e6 11. Nbd2 Ne7 12. Nc4 Nc8 13. Bf4 e5 14. Bd2 O-O
15. a5 Rd8 16. Rab1 b5 17. axb6 Ndxb6 18. Ba5 Rb8 19. b4 cxb4 20. Ne3 Re8 21.
Rxb4 Nd7 22. Ra1 Ra8 23. Nd5 Ra7 24. Rc4 Nc5 25. Bb4 Ne7 26. Nxe7+ Rexe7 27.
Bxc5 dxc5 28. Rxc5 f6 29. Nd2 Re6 30. Rc8+ Kf7 31. Nc4 Bf8 32. Kf1 Re8 33. Rc6
Re6 34. Rxe6 Kxe6 35. c3 h5 36. Ke2 Bc5 37. h4 Ra8 38. g3 Ra7 39. f4 Be7 40.
fxe5 fxe5 41. d4 exd4 42. cxd4 Bb4 43. d5+ Kf6 44. e5+ Ke7 45. Na5 Bxa5 46. Rxa5
Kd7 47. Kf3 Ra8 48. e6+ Ke7 49. Ke4 Kd6 50. Kd4 Ra7 51. Rc5 a5 52. Rc6+ Ke7 53.
Ke5 a4 54. d6+ Kd8 55. Rb6 Ra8 56. e7+ Ke8 57. Ke6 Rd8 58. exd8=Q+ 1-0

[Event "AUTO-MASTER-852"]
[Site "http://www.queenalice.com/game.php?id=619204"]
[Date "2009.7.15"]
[Round "1"]
[White "zhiii00"]
[Black "raposaazul"]
[Result "0-1"]
[WhiteElo "1988"]
[BlackElo "2272"]

1. e4 Nf6 2. e5 Nd5 3. d4 d6 4. Nf3 g6 5. Bc4 Nb6 6. Bb3 Bg7 7. a4 dxe5 8. Nxe5
Bxe5 9. dxe5 Qxd1+ 10. Kxd1 Bf5 11. a5 N6d7 12. Bf4 Nc6 13. e6 Bxe6 14. Bxe6
fxe6 15. a6 b6 16. Nc3 O-O-O 17. Kc1 Rhf8 18. Bg3 Nc5 19. f3 Nb4 20. Nb5 Rf5 21.
Nc3 Nbxa6 22. Rd1 Rxd1+ 23. Kxd1 Kb7 24. Kd2 Nb4 25. Re1 Kc8 26. b3 Kd7 27. Ne4
Nxe4+ 28. Rxe4 Rd5+ 29. Kc3 Nc6 30. h3 Rg5 31. Rg4 Rxg4 32. fxg4 a5 33. h4 b5
34. h5 g5 35. Bf2 Ne5 0-1

[Event "AUTO-MASTER-852"]
[Site "http://www.queenalice.com/game.php?id=619205"]
[Date "2009.7.15"]
[Round "1"]
[White "raposaazul"]
[Black "zhiii00"]
[Result "1-0"]
[WhiteElo "2265"]
[BlackElo "1988"]

1. e4 c5 2. Nf3 d6 3. Bc4 Nf6 4. Nc3 Nc6 5. O-O g6 6. h3 Bg7 7. d3 O-O 8. Bg5 e6
9. e5 dxe5 10. Ne4 h6 11. Nxf6+ Bxf6 12. Bxh6 Bg7 13. Bxg7 Kxg7 14. c3 a6 15.
Qe2 f6 16. a4 b6 17. Qe4 Bd7 18. Qg4 Rh8 19. Bxe6 f5 20. Qc4 Bxe6 21. Qxe6 Qc7
22. a5 b5 23. Qd5 Nxa5 24. Rxa5 Qxa5 25. Qxe5+ Kh6 26. Qe3+ Kg7 27. Qe7+ Kh6 28.
Qg5+ Kg7 29. Re1 Rae8 30. Re7+ Rxe7 31. Qxe7+ Kh6 32. Ne5 Rg8 33. Nf7+ Kh7 34.
Ng5+ Kh6 35. Ne6 Qa4 36. g4 1-0